L'agriculture au Cambodge / (Record no. 21454)

000 -LEADER
fixed length control field 00459nam a2200157Ia 4500
020 ## - INTERNATIONAL STANDARD BOOK NUMBER
ISBN 929028031X
040 ## - CATALOGING SOURCE
Transcribing agency 4829
082 ## - DEWEY DECIMAL CLASSIFICATION NUMBER
Classification number 482 LAG 1981 C325 Or.
100 1# - MAIN ENTRY--AUTHOR NAME
Personal name Tichit, L.
245 12 - TITLE STATEMENT
Title L'agriculture au Cambodge /
260 ## - PUBLICATION, DISTRIBUTION, ETC. (IMPRINT)
Place of publication Paris :
Name of publisher Agence de Coop©♭ration Culturelle et Technique,
Year of publication c1981
300 ## - PHYSICAL DESCRIPTION
Number of Pages 423 p. :
Other physical details 2 fold. maps ;
Dimensions 24 cm
650 #0 - SUBJECT ADDED ENTRY--TOPICAL TERM
Topical Term Agriculture
710 2# - ADDED ENTRY--CORPORATE NAME
Corporate name or jurisdiction name as entry element Agence de coop©♭ration culturelle et technique
942 ## - ADDED ENTRY ELEMENTS (KOHA)
Koha item type ADB
952 ## - LOCATION AND ITEM INFORMATION (KOHA)
Withdrawn status [LOCAL, KOHA] 0
952 ## - LOCATION AND ITEM INFORMATION (KOHA)
Withdrawn status [LOCAL, KOHA] 0
952 ## - LOCATION AND ITEM INFORMATION (KOHA)
Withdrawn status [LOCAL, KOHA] 0
952 ## - LOCATION AND ITEM INFORMATION (KOHA)
Withdrawn status [LOCAL, KOHA] 0
952 ## - LOCATION AND ITEM INFORMATION (KOHA)
Withdrawn status [LOCAL, KOHA] 0
952 ## - LOCATION AND ITEM INFORMATION (KOHA)
Withdrawn status [LOCAL, KOHA] 0
952 ## - LOCATION AND ITEM INFORMATION (KOHA)
Withdrawn status [LOCAL, KOHA] 0
952 ## - LOCATION AND ITEM INFORMATION (KOHA)
Withdrawn status [LOCAL, KOHA] 0
952 ## - LOCATION AND ITEM INFORMATION (KOHA)
Withdrawn status [LOCAL, KOHA] 0
952 ## - LOCATION AND ITEM INFORMATION (KOHA)
Withdrawn status [LOCAL, KOHA] 0
952 ## - LOCATION AND ITEM INFORMATION (KOHA)
Withdrawn status [LOCAL, KOHA] 0
952 ## - LOCATION AND ITEM INFORMATION (KOHA)
Withdrawn status [LOCAL, KOHA] 0
952 ## - LOCATION AND ITEM INFORMATION (KOHA)
Withdrawn status [LOCAL, KOHA] 0
952 ## - LOCATION AND ITEM INFORMATION (KOHA)
Withdrawn status [LOCAL, KOHA] 0
952 ## - LOCATION AND ITEM INFORMATION (KOHA)
Withdrawn status [LOCAL, KOHA] 0
952 ## - LOCATION AND ITEM INFORMATION (KOHA)
Withdrawn status [LOCAL, KOHA] 0
952 ## - LOCATION AND ITEM INFORMATION (KOHA)
Withdrawn status [LOCAL, KOHA] 0
Holdings
Permanent Location Date acquired Koha item type Lost status Shelving location Barcode Current Location Full call number
Library Block C2023-06-16ADB C325a22083Library Block C482 LAG 1981 C325 Or.
Library Block C2023-06-16ADB C325a22556Library Block C482 LAG 1981 C325 Or.
Library Block C2023-06-16ADB C325a17937Library Block C482 LAG 1981 C325 Or.
Library Block C2023-06-16ADB C325a20956Library Block C482 LAG 1981 C325 Or.
Library Block C2023-06-16ADB C325a21711Library Block C482 LAG 1981 C325 Or.
Library Block C2023-06-16ADB C325a22455Library Block C482 LAG 1981 C325 Or.
Library Block C2023-06-16ADB C325a21279Library Block C482 LAG 1981 C325 Or.
Library Block C2023-06-16ADB C325a19172Library Block C482 LAG 1981 C325 Or.
Library Block C2023-06-16ADB C325a22482Library Block C482 LAG 1981 C325 Or.
Library Block C2023-06-16ADB C325a21931Library Block C482 LAG 1981 C325 Or.
Library Block C2023-06-16ADB C325a17702Library Block C482 LAG 1981 C325 Or.
Library Block C2023-06-16ADB C325a17977Library Block C482 LAG 1981 C325 Or.
Library Block C2023-06-16ADB C325a21367Library Block C482 LAG 1981 C325 Or.
Library Block C2023-06-16ADB C325a21804Library Block C482 LAG 1981 C325 Or.
Library Block C2023-06-16ADB C325a22538Library Block C482 LAG 1981 C325 Or.
Library Block C2023-06-16ADB C325a21776Library Block C482 LAG 1981 C325 Or.
Library Block C2023-11-20ADB C325a19153Library Block C482 LAG 1981 C325 Or.
មជ្ឈមណ្ឌលឯការនៃសាកលវិទ្យាល័យភូមិន្ទកសិកម្មចំការដូង

Powered by Koha